Giải tích toán học
Sparad:
| Materialtyp: | Bok |
|---|---|
| Språk: | Undetermined |
| Publicerad: |
Hà Nội
Giáo dục
1988
|
| Ämnen: | |
| Taggar: |
Lägg till en tagg
Inga taggar, Lägg till första taggen!
|
| Thư viện lưu trữ: | Trung tâm Học liệu Trường Đại học Cần Thơ |
|---|
| LEADER | 00577nam a2200193Ia 4500 | ||
|---|---|---|---|
| 001 | CTU_1286 | ||
| 008 | 210402s9999 xx 000 0 und d | ||
| 082 | |a 515 | ||
| 082 | |b T502/T.2 | ||
| 088 | |a Vũ, Tuấn | ||
| 245 | 0 | |a Giải tích toán học | |
| 245 | 0 | |c Vũ Tuấn, Phan Đức Thành | |
| 260 | |a Hà Nội | ||
| 260 | |b Giáo dục | ||
| 260 | |c 1988 | ||
| 526 | |a Vi - Tích phân A2,Giải tích hàm nhiều biến | ||
| 526 | |b TN002,SP112 | ||
| 650 | |a Mathematical analysis | ||
| 980 | |a Trung tâm Học liệu Trường Đại học Cần Thơ | ||